| 000 | 00457nam a22001697a 4500 | ||
|---|---|---|---|
| 003 | OSt | ||
| 005 | 20211026105647.0 | ||
| 008 | 211026b |||||||| |||| 00| 0 eng d | ||
| 020 | _a0-345-34111-2 | ||
| 040 |
_aDDC _cHU |
||
| 082 |
_21ST _a613.94 |
||
| 100 |
_aBILLINGS EVELYN _915515 |
||
| 245 | _aTHE BILLINGS METHOD CONTROLLING FERTILITY WITHOUT DRUGS OR DEVICES | ||
| 250 | _a1ST | ||
| 260 |
_aNEW YORK _bBALLANTINE BOOKS _c1990 |
||
| 942 |
_2ddc _cBOOKS _n0 |
||
| 999 |
_c14918 _d14918 |
||